Differential effects of adult court transfer on juvenile offender recidivism

Saved in:  
Bibliographic Details
Authors: Loughran, Thomas A. (Author) ; Losoya, Sandy (Author) ; Cauffman, Elizabeth (Author) ; Cota-Robles, Sonia (Author) ; Fagan, Jeffrey (Author) ; Piquero, Alex R. 1970- (Author) ; Steinberg, Laurence D. 1952- (Author) ; Chassin, Laurie A. (Author) ; Schubert, Carol A. (Author) ; Mulvey, Edward P. (Author)
Format: Electronic Article
Language:English
Published: 2010
In: Law and human behavior
Year: 2010, Volume: 34, Issue: 6, Pages: 476-488
Online Access: Volltext (kostenfrei)
Check availability: HBZ Gateway

MARC

LEADER 00000caa a22000002c 4500
001 1912513854
003 DE-627
005 20250122054948.0
007 cr uuu---uuuuu
008 241217s2010 xx |||||o 00| ||eng c
024 7 |a 10.1007/s10979-009-9210-z  |2 doi 
035 |a (DE-627)1912513854 
035 |a (DE-599)KXP1912513854 
040 |a DE-627  |b ger  |c DE-627  |e rda 
041 |a eng 
084 |a 2,1  |2 ssgn 
100 1 |a Loughran, Thomas A.  |e VerfasserIn  |0 (DE-588)1129112136  |0 (DE-627)883800195  |0 (DE-576)311454658  |4 aut 
109 |a Loughran, Thomas A.  |a Loughran, Thomas 
245 1 0 |a Differential effects of adult court transfer on juvenile offender recidivism 
264 1 |c 2010 
336 |a Text  |b txt  |2 rdacontent 
337 |a Computermedien  |b c  |2 rdamedia 
338 |a Online-Ressource  |b cr  |2 rdacarrier 
700 1 |a Losoya, Sandy  |e VerfasserIn  |4 aut 
700 1 |a Cauffman, Elizabeth  |e VerfasserIn  |0 (DE-588)1057804797  |0 (DE-627)795241178  |0 (DE-576)377980447  |4 aut 
700 1 |a Cota-Robles, Sonia  |e VerfasserIn  |4 aut 
700 1 |a Fagan, Jeffrey  |e VerfasserIn  |4 aut 
700 1 |a Piquero, Alex R.  |d 1970-  |e VerfasserIn  |0 (DE-588)1038873037  |0 (DE-627)766624382  |0 (DE-576)176864784  |4 aut 
700 1 |a Steinberg, Laurence D.  |d 1952-  |e VerfasserIn  |0 (DE-588)131637916  |0 (DE-627)512035083  |0 (DE-576)164440070  |4 aut 
700 1 |a Chassin, Laurie A.  |e VerfasserIn  |4 aut 
700 1 |a Schubert, Carol A.  |e VerfasserIn  |0 (DE-588)1205843787  |0 (DE-627)1691571946  |4 aut 
700 1 |a Mulvey, Edward P.  |e VerfasserIn  |0 (DE-588)1129267989  |0 (DE-627)883866781  |0 (DE-576)41113356X  |4 aut 
773 0 8 |i Enthalten in  |t Law and human behavior  |d Washington, DC : American Psychological Assoc., 1977  |g 34(2010), 6, Seite 476-488  |h Online-Ressource  |w (DE-627)320583023  |w (DE-600)2017882-7  |w (DE-576)121466299  |x 1573-661X  |7 nnas 
773 1 8 |g volume:34  |g year:2010  |g number:6  |g pages:476-488 
856 |u https://www.ncbi.nlm.nih.gov/pmc/articles/2901422  |x unpaywall  |z Vermutlich kostenfreier Zugang  |h repository [deprecated] 
856 4 0 |u https://doi.org/10.1007/s10979-009-9210-z  |x Resolving-System  |z kostenfrei  |3 Volltext  |7 0 
935 |a mkri 
951 |a AR 
ELC |a 1 
LOK |0 000 xxxxxcx a22 zn 4500 
LOK |0 001 4637479355 
LOK |0 003 DE-627 
LOK |0 004 1912513854 
LOK |0 005 20241217044327 
LOK |0 008 241217||||||||||||||||ger||||||| 
LOK |0 035   |a (DE-2619)ICPSR106923 
LOK |0 040   |a DE-2619  |c DE-627  |d DE-2619 
LOK |0 092   |o n 
LOK |0 852   |a DE-2619 
LOK |0 852 1  |9 00 
LOK |0 935   |a nacp 
LOK |0 939   |a 17-12-24  |b l01 
OAS |a 1 
ORI |a SA-MARC-krimdoka001.raw